The East Africa law reports 2000 Vol. 2 / (Record no. 1780)

MARC details
000 -LEADER
fixed length control field 008500000a22002290004500
001 - CONTROL NUMBER
control field 002695
003 - CONTROL NUMBER IDENTIFIER
control field OSt
005 - DATE AND TIME OF LATEST TRANSACTION
control field 20110511111912.0
008 - FIXED-LENGTH DATA ELEMENTS--GENERAL INFORMATION
fixed length control field 110511t xxu||||| |||| 00| 0 eng d
020 ## - INTERNATIONAL STANDARD BOOK NUMBER
International Standard Book Number 16844874
040 ## - CATALOGING SOURCE
Original cataloging agency APR
082 ## - DEWEY DECIMAL CLASSIFICATION NUMBER
Classification number 348.042 EAS
245 ## - TITLE STATEMENT
Title The East Africa law reports 2000 Vol. 2 /
260 ## - PUBLICATION, DISTRIBUTION, ETC. (IMPRINT)
Name of publisher, distributor, etc Law Africa
Date of publication, distribution, etc c2002
500 ## - GENERAL NOTE
General note Vol.1 & 2 (2000); Vol.1 & 2 (2001)
650 ## - SUBJECT ADDED ENTRY--TOPICAL TERM
Topical term or geographic name as entry element cases
-- East Africa
-- laws
-- reports
9 (RLIN) 3922
653 ## - INDEX TERM--UNCONTROLLED
Uncontrolled term Law
942 ## - ADDED ENTRY ELEMENTS (KOHA)
Koha item type Law Reports
Source of classification or shelving scheme Dewey Decimal Classification
Holdings
Withdrawn status Lost status Source of classification or shelving scheme Damaged status Not for loan Home library Current library Shelving location Date acquired Total Checkouts Full call number Barcode Date last seen Price effective from Koha item type
    Dewey Decimal Classification     Law Development Centre Main Library Law Development Centre Main Library Law Reports 05/11/2011   348.042 EAS 2011/1089 05/11/2011 05/11/2011 Law Reports
    Dewey Decimal Classification     Law Development Centre Main Library Law Development Centre Main Library Law Reports 05/11/2011   348.042 EAS 2011/1090 05/11/2011 05/11/2011 Law Reports
    Dewey Decimal Classification     Law Development Centre Main Library Law Development Centre Main Library Law Reports 05/11/2011   348.042 EAS 2011/1091 05/11/2011 05/11/2011 Law Reports